| 000 | 00709nam a2200277 i 4500 | ||
|---|---|---|---|
| 001 | bgj | ||
| 100 | 1 |
_aKING, Stephen _d(1947- ). |
|
| 245 | 1 | 0 |
_aThe Talisman / _cStephen King ; Peter Straub. |
| 260 |
_aNew York : _bBerkley Books, _c1985. |
||
| 300 |
_a[4], 768 pp ; _c18 cm. |
||
| 490 | 1 | _aA Berkley Book | |
| 650 | 9 | _aQuest (|Expeditions) | |
| 650 | 9 | _aMothers and sons | |
| 650 | 9 | _aTalismans | |
| 650 | 9 | _aBoys | |
| 650 | 9 | _aFantasy | |
| 655 | _aFiction | ||
| 700 | 1 |
_aSTRAUB, Peter _d(1943- ). _eco-author |
|
| 830 | _aA Berkley Book | ||
| 020 | _a0425081818 | ||
| 040 | _cBPK | ||
| 041 | 0 | _aeng | |
| 920 | _a0-425-08181-8 | ||
| 942 | _cKS | ||
| 008 | s uk f |000 0 eng | ||
| 999 |
_c48670 _d48670 |
||
| 856 |
_uhttp://koha.tu.koszalin.pl/cgi-bin/koha/opac-detail.pl?biblionumber=48670 _yKatalog online BPK |
||